| 000 | 00630nam a22001697a 4500 | ||
|---|---|---|---|
| 999 |
_c62550 _d62550 |
||
| 005 | 20250131113436.0 | ||
| 008 | 241205s2017 ru ||||| |||| 00| 0 rus d | ||
| 020 | _a9785001006602x | ||
| 041 | _arus | ||
| 080 | _a159.955 Д-42 | ||
| 100 |
_aДжонс, Морган _923867 |
||
| 245 |
_aРешение проблем по методикам спецслужб : _b14 мощных инструментов / _cДжонс Морган. |
||
| 264 |
_aМосква : _b Манн, Иванов и Фербер, _c2017. |
||
| 300 |
_a432 стр.; _b23 см. |
||
| 653 | _aფსიქოლოგია | ||
| 942 |
_2udc _cᲬᲘᲒᲜᲘ |
||